Repertorio de legislación y jurisprudencia chilenas. Código de comercio y leyes complementarias. Suplemento agrega legislación y jurisprudencia nuevas

Na minha lista:
Detalhes bibliográficos
Formato: Livro
Idioma:espanhol
Publicado em: Santiago Jurídica de Chile 1983
Assuntos:
Tags: Adicionar Tag
Sem tags, seja o primeiro a adicionar uma tag!

MARC

LEADER 00000nam a2200000 a 4500
001 UCR0775
003 CL-VaPUC
008 971205e19830000CL |||||||||||||||||spa|d
082 0 4 |a 348.046  |b REP  |2 21 
245 1 0 |a Repertorio de legislación y jurisprudencia chilenas. Código de comercio y leyes complementarias. Suplemento agrega legislación y jurisprudencia nuevas 
300 |a 338 p 
942 |c BK 
945 |d 19971205 00:00:00  |a lriquelm 
260 |a Santiago  |b Jurídica de Chile  |c 1983 
650 0 |a Derecho comercial   |9 256340 
650 0 |a Repertorio  |9 258863 
650 0 |a Código de comercio   |9 329302 
650 0 |a Derecho y legislación   |9 255077 
650 0 |a Jurisprudencia  |9 255952 
650 7 |a QUIEBRAS  |2 CL-VaPUC  |9 329303 
651 7 |a CHILE  |2 CL-VaPUC  |9 397111 
583 |a last modification  |c 19971205 00:00:00  |k Rodrigo Vera 
999 |c 264273  |d 264271 
952 |0 0  |1 0  |4 0  |6 348_046000000000000_REP_1983  |7 0  |8 F  |9 294312  |a BIBDER  |b BIBDER  |d 2019-11-19  |i 1912372  |o 348.046 REP 1983  |p 1912372  |r 2023-01-25  |w 2019-11-19  |y BK_F  |k DER